American Landmarks (Hard) - Statistics

General Stats
  • This quiz has been taken 34 times
    15 since last reset
  • The average score is 9 of 15
Answer Stats
Picture Answer % Correct
Hollywood Sign
92%
Central Park
85%
Liberty Bell
85%
Pentagon
85%
Hoover Dam
77%
Gateway Arch
69%
Ellis Island
62%
Independence Hall
62%
Cloud Gate
54%
Niagra Falls
54%
Sears Tower
54%
Yosemite
38%
Capital Building
31%
The Alamo
23%
Black Hills
0%
No matching quizzes found
Score Distribution
Percent of People with Each Score
Percentile by Number Answered
Your Score History
You have not taken this quiz since the last reset